Concentración y trasnacionalización: tendencias durante los últimos veinte años (Fotocopia parcial)

Salvato in:
Dettagli Bibliografici
Autore principale: Trajtenberg, Raúl
Natura: testo
Pubblicazione: s.l.: s.e.
Tags: Aggiungi Tag
Nessun Tag, puoi essere il primo ad aggiungerne!!

MARC

LEADER 00000 a a2200000 04500
001 23692
003
040
090 |a 165800  
100 |a Trajtenberg, Raúl  
245 |a Concentración y trasnacionalización: tendencias durante los últimos veinte años (Fotocopia parcial)  
260 |a s.l.:   |b s.e.  
300 |a pp. 133-160; 3, 1 copias  
999 |c 1354  |d 1354